Kruger National Park Wildlife - Statistics

General Stats
  • This quiz has been taken 80 times
  • The average score is 86 of 141
Answer Stats
Picture Answer % Correct
African Bush Elephant
100%
Cheetah
96%
African Fish Eagle
91%
Bateleur Eagle
91%
Lappet Faced Vulture
91%
Martial Eagle
91%
Plains Zebra
91%
White Backed Vulture
91%
Scrub Hare
89%
African Hawk Eagle
87%
African Scops Owl
87%
Common Warthog
87%
Leopard
87%
Tawny Eagle
87%
Verreaux's Eagle Owl
87%
Honey Badger
85%
Lion
85%
Spotted Hyena
85%
Black Backed Jackal
83%
Chacma Baboon
83%
Giraffe
83%
Nile Crocodile
83%
Side Striped Jackal
83%
Blue Wildebeest
81%
Leopard Tortoise
81%
Southern African Hedgehog
81%
African Buffalo
80%
African Wild Dog
80%
Banded Mongoose
80%
Black Rhinoceros
80%
Common Dwarf Mongoose
80%
Common Ostrich
80%
Serval
80%
Slender Mongoose
80%
Speke's Hinged Tortoise
80%
White Rhinoceros
80%
African Clawless Otter
78%
Banded Rubber Frog
78%
Brown Backed Tree Frog
78%
Cape Ground Squirrel
78%
Cape Porcupine
78%
Common Hippopotamus
78%
Caracal
76%
Flap Necked Chameleon
76%
Giant Kingfisher
76%
Half Collared Kingfisher
76%
Malachite Kingfisher
76%
Pied Kingfisher
76%
Smith's Bush Squirrel
76%
Southern Ground Hornbill
76%
Striped Kingfisher
76%
Woodland Kingfisher
76%
Brown Headed Parrot
74%
Greater Kudu
74%
Ground Pangolin
74%
Impala
74%
Aardvark
72%
Serrated Hinged Terrapin
72%
Southern Yellow Billed Hornbill
72%
Marabou Stork
70%
Mozambique Spitting Cobra
70%
Vervet Monkey
70%
Bat Eared Fox
69%
Saddle billed Stork
69%
Secretarybird
69%
White Throated Monitor Lizard
69%
African Rock Python
67%
Bushpig
67%
African Civet
65%
Helmeted Guineafowl
65%
Ornate Sandveld Lizard
65%
Spotted Thick Toed Gecko
65%
Wahlberg's Velvet Gecko
65%
African Wildcat
63%
Peregrine Falcon
63%
Common Eland
61%
Greater Galago
61%
Grey Duiker
61%
Lesser Galago
61%
Red Duiker
61%
Rock Hyrax
61%
Black Mamba
59%
Goliath Heron
59%
Sable Antelope
59%
Waterbuck
59%
Aardwolf
57%
Nyala
57%
Red Billed Oxpecker
57%
Yellow Billed Oxpecker
57%
Egyptian Goose
56%
Klipspringer
56%
African Sacred Ibis
54%
Eastern Rock Elephant Shrew
54%
Kori Bustard
54%
Large Spotted Genet
54%
Small Spotted Genet
54%
African Green Pigeon
52%
Cape Bushbuck
52%
Hartebeest
52%
Lesser Masked Weaver
52%
Red Headed Weaver
52%
Thick Billed Weaver
52%
African Spoonbill
48%
Roan Antelope
48%
Puff Adder
46%
Rainbow Skink
46%
Variable Skink
46%
Boomslang
44%
Greater Cane Rat
44%
Lilac Breasted Roller
44%
Cape Glossy Starling
43%
Greater Blue Eared Starling
43%
African Firefinch
41%
Tsessebe
41%
Zorilla
39%
Pan Hinged Terrapin
37%
Steenbok
37%
Common Reedbuck
35%
Mountain Reedbuck
35%
Purple Crested Turaco
33%
Crested Barbet
30%
Hamerkop
30%
South African Springhare
30%
Sharpe's Grysbok
26%
Black Headed Oriole
24%
Dark Capped Bulbul
24%
Double Banded Sandgrouse
24%
Oribi
24%
Southern Tree Agama
24%
Red Billed Quelea
22%
Savanna Vine Snake
22%
African Striped Weasel
20%
Grey Rhebuck
20%
Common Scimitarbill
19%
Greater Honeyguide
19%
Rhombic Egg Eater
19%
Brown House Snake
17%
Suni
15%
Giant Plated Lizard
11%
Rough Scaled Plated Lizard
11%
Spotted Bush Snake
4%
No matching quizzes found
Score Distribution
Percent of People with Each Score
Percentile by Number Answered
Your Score History
You have not taken this quiz